000 00538nam a22001697a 4500
005 20251108164834.0
008 250721s9999 xx 000 0 ara d
082 1 4 _a616.6/عقم
100 1 _aعمر، الفاضل العبيد
_eمترجم
245 1 0 _aالعقم عند النساء و الرجال :
_bأسبابه و طرق علاجه /
264 1 _aبيروت :
_bدار اليوسف،
_c[19-].
300 _a198ص
650 1 7 _aالعقم
650 1 7 _aالأمراض التناسلية
942 _2ddc
_cBK
999 _c15600
_d15600